| 000 | 00372nam a22001457a 4500 | ||
|---|---|---|---|
| 999 |
_c9228 _d9228 |
||
| 003 | OSt | ||
| 008 | 201119b ||||| |||| 00| 0 eng d | ||
| 100 | _aDaiches, David | ||
| 245 | _aCritical History of English Literature Vol.II | ||
| 250 | _a1st ed | ||
| 260 |
_aNew Delhi _bSupernova Publication _c2010 |
||
| 300 | _a1211 | ||
| 650 | _aB.A Hons. English | ||
| 942 |
_2ddc _cBK |
||